Law of Parental Control, Guardianship & Custody of Minor Children (Record no. 19044)

MARC details
000 -LEADER
fixed length control field 00380nam a2200133Ia 4500
008 - FIXED-LENGTH DATA ELEMENTS--GENERAL INFORMATION
fixed length control field 221030s9999 xx 000 0 und d
041 ## - LANGUAGE CODE
Language code of text/sound track or separate title
100 ## - MAIN ENTRY--AUTHOR NAME
Personal name P. Diwan
245 #0 - TITLE STATEMENT
Title Law of Parental Control, Guardianship & Custody of Minor Children
Statement of responsibility, etc by P. Diwan
260 ## - PUBLICATION, DISTRIBUTION, ETC. (IMPRINT)
Name of publisher Eeastern Book Co.
Place of publication Lucknow
Year of publication 1973
300 ## - PHYSICAL DESCRIPTION
Number of Pages 740
650 ## - SUBJECT ADDED ENTRY--TOPICAL TERM
Topical Term Law Of Parental Control
942 ## - ADDED ENTRY ELEMENTS (KOHA)
Koha item type Books
Holdings
Accession Number Cost, normal purchase price Price effective from Koha item type Withdrawn / writtenoff status Materials specified (bound volume or other part) Damaged status Not for loan Permanent Location Current Location Shelving location Date acquired Lost/ Missing status department
LLB 232 45.00 10/30/2022 Books   Print     MIET Library, Jammu MIET Library, Jammu 182/1 09/26/2022   BBA LLB